Concrete

Guardado en:
Detalles Bibliográficos
Autores principales: Mindess, Sidney (Autor), Young, J.Francis (Autor), Darwin, David (Autor)
Formato: Libro
Lenguaje:inglés
Publicado: Upper Saddle River : Pearson Education Limited, 2003
Edición:2.vyd.
Etiquetas: Agregar Etiqueta
Sin Etiquetas, Sea el primero en etiquetar este registro!

MARC

LEADER 00000nam a22000003a 4500
001 stu177956
005 20150617230045.5
008 090115s2003----xxu-----------------eng-d
020 |a 0-13-064632-6 
040 |a STU  |b slo 
041 0 |a eng 
044 |a xxu 
080 |a 624.1 
100 1 |a Mindess, Sidney  |4 aut 
245 1 |a Concrete 
250 |a 2.vyd. 
260 |a Upper Saddle River :  |b Pearson Education Limited,  |c 2003 
300 |a 11,644 s 
700 1 |a Young, J.Francis  |4 aut 
700 1 |a Darwin, David  |4 aut 
996 |c V*50441/O-22527  |l VV15  |s P  |a 0  |w stu177956_0001